Ingeniería química Tomo I unidades SI operaciones b sicas / J.M. Coulson (Registro nro. 16419)
[ vista simple ]
| 000 -LÍDER | |
|---|---|
| fixed length control field | 00505nam a2200145 4500 |
| 008 - ELEMENTOS DE LONGITUD FIJA -- INFORMACIÓN GENERAL | |
| fixed length control field | 0 2003 0a 000 0ESP |
| 020 ## - NÚMERO INTERNACIONAL NORMALIZADO PARA LIBROS | |
| ISBN | 84-291-7336-3 |
| 050 ## - SIGNATURA TOPOGRAFICA DE LA BIBLIOTECA DEL CONGRESO (LC) | |
| Número de Clasificación | TP155 C69 2003 T.I |
| 082 ## - NUMERO DE CLASIFICACION DECIMAL DEWEY | |
| Número de Clasificación | 660.2 C249i1 |
| 100 ## - ASIENTO PRINCIPAL--NOMBRE PERSONAL | |
| Nombre personal | Coulson, J.M. |
| 245 ## - TÍTULO | |
| Título | Ingeniería química Tomo I unidades SI operaciones b sicas / J.M. Coulson |
| 260 ## - PUBLICACIÓN, DISTRIBUCIÓN, ETC. (PIE DE IMPRENTA) | |
| Lugar de publicación, distribución, etc. | Barcelona, España : Reverte |
| 300 ## - DESCRIPCIÓN FÍSICA | |
| Extensión | xviii, 479 p. / 20 cm. |
| 650 ## - ASIENTO SECUNDARIO DE MATERIA - TERMINO TEMÁTICO | |
| Término temático o nombre geográfico como elemento de entrada | 1.TRANSFERENCIA DE CALOR \ 2.TRANSFERENCIA DE MATERIA \ 3.FLUJO DE FLUIDOS |
| No. biblioteca | No. biblioteca | Número de clasificación | Código de barras/Número de adquisición | Número de copia | Tipo de material |
|---|---|---|---|---|---|
| LUIS G. INCLAN | LUIS G. INCLAN | 660.2 C249i1 | 42800 | 1 | Libros |
| LUIS G. INCLAN | LUIS G. INCLAN | 660.2 C249i1 | 42801 | 2 | Libros |
